000 00771nam a2200253Ia 4500
003 OSt
005 20220923223447.0
006 a|||||r|||| 00| 0
007 ta
008 220922b |||||||| |||| 00| 0 hin d
024 _a216,542
037 _cTextual
040 _aARTS
_cARTS
_bhin
041 _2hin
_ahin
082 _aO152,1N522x, N3
100 _aपरिहार, श्रीराम
_9156271
245 0 _aचौकस रहना है
246 _aChaukas rahanā hai
260 _aदिल्ली
_b पराग
_c1993
300 _a96i`
_ccm.
650 _aहिन्दी साहित्य
_9156264
942 _hO152,1N522x, N3
_cTEXL
_2CC
999 _c365474
_d365474